000 00706nam a22001937a 4500
003 OSt
005 20150408114128.0
008 130319t 2004jo ||||f |||| 00| 0 ara d
040 _aMa-ua
082 _a658.8 ف م أ
100 _aالفضل، مؤيد عبد الحسين
245 _aالاساليب الكمية في التسويق/
_cمؤيد عبد الحسين الفضل ؛ علي عبد الرضا الجياشي
_h
260 _aعمان، الاردن
_bالمؤلفان
_c2004
300 _a477 ص :
_bايض. ؛
_c24 سم
650 _2إدارة التسويق
650 _2إدارة المبيعات
700 _aالجياشي، علي عبد الرضا
_912320
942 _2ddc
_cBOOK
999 _c29282
_d263782